01373cam a2200361 a 45000010005000000030006000050050017000110080041000280100017000690200015000860200018001010400023001190500018001420820011001601000026001712450128001972600035003253000048003603360026004083370028004343380027004624400019004895000139005085050007006475200138006545210018007925210018008106500019008286500021008476550076008687000034009447000033009788153FISKH20250829081554.0000713s2001 nyua b 000 1 eng  a 00059467  a0439213606 a9780439213608 aDLCcDLCdDLCbeng aPZ7.W436353 C a 813.61 aWeinberger, Kimberly.10aClifford the big red dog :bthe stormy day rescue /cadapted by Kimberly Weinberger ; illustrated by Del and Dana Thompson. aNew York :bScholastic,c2001. a24 pages : bcolor illustrations ; c16 cm  atextbtxt2rdacontent aunmediatedbn2rdamedia avolumebnc2rdacarrier 0aBig red reader a"From the television script 'Stormy weather' by Bruce Talkington and Dev Ross; based upon the storybook character by Norman Bridwell." aJ  aClifford is in trouble all over town for his digging, but when a storm threatens the library, he may be the only one who can save it.8 a440 bLexile 8 aJ bRaz-Plus  1aDogsvFiction. 1aStormsvFiction. 7aFiction.2lcgft0https://id.loc.gov/authorities/genreForms/gf20140263391 aThompson, Dana,eillustrator 1 aThompson, Del,eillustrator